000 00296nam a22001337a 4500
008 170412b xxu||||| |||| 00| 0 eng d
020 _a0838596479
041 _aeng
080 _221 ED
_a618
100 _a10
101 _ashm
245 _aWILLIAM OBSTETRICS
_cCUNNINGHAM.F.G
942 _2udc
_cBK
999 _c10527
_d10527